Normal view
MARC view
Entry Personal Name
001 - CONTROL NUMBER
- control field: 12136
003 - CONTROL NUMBER IDENTIFIER
- control field: BD-RjUL
005 - DATE AND TIME OF LATEST TRANSACTION
- control field: 20240307120645.0
008 - FIXED-LENGTH DATA ELEMENTS
- fixed length control field: 240307|| aca||aabn | a|a d
040 ## - CATALOGING SOURCE
- Original cataloging agency: BD-RjUL
- Transcribing agency: BD-RjUL
100 ## - HEADING--PERSONAL NAME
- Personal name: Johnson, Pamela Hansford,
- Dates associated with a name: 1912-1981
670 ## - SOURCE DATA FOUND
- Source citation: Work cat.: (BD-RjUL)83265: Johnson, Pamela Hansford, 1912-1981., Night and silence, who is here? :, 1963